Normale Ansicht MARC-Ansicht ISBD

Internationale Strafgerichtsbarkeit unter sowjetischem Einfluss : (Titelsatznr. 32876)

[ MARC ]
MARC-Details
000 -Satzkennung
Kontrollfeld mit fester Länge 01077nam a22002771c 4500
001 - Kontrollnummer
Kontrollfeld 873135741
003 - Kontrollnummer Identifier
Kontrollfeld RU-10907106
005 - Datum und Zeit der letzten Transaktion
Kontrollfeld 20220914150940.0
008 - Feld mit fester Länge zur physischen Beschreibung - Allgemeine Angaben
Kontrollfeld mit fester Länge 170801s2016 gw |||| 000u ger d
020 ## - Internationale Standardbuchnummer
Internationale Standardbuchnummer 9783428148677
Verknüpfung 978-3-428-14867-7
040 ## - Katalogisierungsquelle
Übertragungsstelle RU-10907106
Original-Katalogisierungsstelle RU-10907106
Katalogisierungssprache ger
041 ## - Sprachcode
Sprachcode des Textes/der Tonspur oder des separaten Titels ger
100 1# - Haupteintragung - Personenname
Personenname Schulmeister-André, Irina
Koha-Normdatenidentnummer 13973
245 00 - Titel
Titel Internationale Strafgerichtsbarkeit unter sowjetischem Einfluss :
Zusatz zum Titel der Beitrag der UdSSR zum Nürnberger Hauptkriegsverbrecherprozess /
Verfasserangabe etc. von Irina Schulmeister-André
264 ## - Produktion, Veröffentlichung, Distribution, Herstellung und Urheberrechtsvermerk
Herstellungs-, Veröffentlichungs- Vertriebs-, Erzeugungsort Berlin :
Produzent, Herausgeber, Distributor, Hersteller Duncker & Humblot,
Datum der Herstellung, der Veröffentlichung, des Vertriebs oder des Urheberschutzvermerks 2016
300 ## - Physische Beschreibung
Umfang 580 Seiten
490 #0 - Gesamttitelangabe
Gesamttitelangabe Beiträge zum Internationalen und Europäischen Strafrecht
Bandnummer/Folgebezeichnung 27
530 ## - Fußnote zu anderen erhältlichen Formen
Fußnote zu anderen erhältlichen Formen Auch als E-Book vorhanden
650 #0 - Nebeneintragung unter einem Schlagwort - Sachschlagwort
Sachschlagwort oder geografischer Name als Eintragungselement Kriegsverbrecherprozess
Koha-Normdatenidentnummer 1809
650 #0 - Nebeneintragung unter einem Schlagwort - Sachschlagwort
Sachschlagwort oder geografischer Name als Eintragungselement Nürnberger Prozesse
Koha-Normdatenidentnummer 2187
650 #0 - Nebeneintragung unter einem Schlagwort - Sachschlagwort
Sachschlagwort oder geografischer Name als Eintragungselement Rechtswissenschaft
Koha-Normdatenidentnummer 13974
650 #0 - Nebeneintragung unter einem Schlagwort - Sachschlagwort
Sachschlagwort oder geografischer Name als Eintragungselement Regierung
Koha-Normdatenidentnummer 9671
651 #0 - Nebeneintragung unter einem Schlagwort - Geografischer Name
Geografischer Name Sowjetunion
Koha-Normdatenidentnummer 127
776 08 - Andere physische Form
Verweisungsphrase Erscheint auch als
Fußnote E-Book Ausgabe
Titel Internationale Strafgerichtsbarkeit unter sowjetischem Einfluss
Datensatzkontrollnummer EBC4932876
942 ## - Zusätzliche Felder (Koha)
Koha-Medientyp Monographien
Klassifikation oder Aufstellungssystematik Andere/Generische Klassifikation
Exemplare
Ausgeschieden Verloren Klassifikation oder Aufstellungssystematik Beschädigt Nicht entleihbar Heimatbibliothek Aufenthaltsbibliothek Aufstellungsort Erwerbungsdatum Inventarnummer Signatur Barcode Letzte Aktivität Preis gültig von Koha-Medientyp
    Andere/Generische Klassifikation     MWN Osteuropa MWN Osteuropa Lesesaal - 1 01/08/2017 17-04350 W 63 B g Schul E00401509F93F880 23/02/2021 22/03/2021 Monographien